[Event "Deva tt"]
[Site "Deva"]
[Date "1998.??.??"]
[Round "4"]
[White "Bucur, Sorin"]
[Black "Urcan, Olimpiu"]
[Result "0-1"]
[WhiteElo "1790"]
[BlackElo "2160"]
[PlyCount "78"]
[EventDate "1998.07.??"]
[EventType "team"]
[EventRounds "9"]
[EventCountry "ROU"]
[SourceTitle "EXT 2004"]
[Source "ChessBase"]
[SourceDate "2003.11.25"]
[SourceVersion "1"]
[SourceVersionDate "2003.11.25"]
[SourceQuality "1"]

1. d4 g6 2. c4 Bg7 3. Nf3 Nf6 4. Nc3 d6 5. e4 0-0 6. Be2 e5 7. dxe5 dxe5 8. 0-0 Qxd1 9. Rxd1 c6 10. Bg5 h6 11. Bh4 Nbd7 12. h3 Re8 13. b4 Nh5 14. Rd2 a5 15. b5 Nf4 16. Bf1 Nc5 17. Rad1 Nce6 18. bxc6 bxc6 19. Na4 Nd4 20. Nxd4 exd4 21. f3 Ne6 22. Bg3 Ba6 23. Rb1 f5 24. exf5 gxf5 25. Rb6 d3 26. Rxc6 Nd4 27. Rxa6 Rxa6 28. Bxd3 Rg6 29. Kh2 Re3 30. Bf2 Nxf3+ 31. gxf3 Be5+ 32. Kh1 Rxf3 33. Bf1 Ra3 34. Nb6 Rc3 35. Bd4 Bxd4 36. Rxd4 Rc1 37. Rf4 Rxb6 38. c5 Rbb1 39. Rxf5 Rxf1+ 0-1